Caída libre : (Record no. 46094)
[ view plain ]
| 000 -CABECERA | |
|---|---|
| campo de control de longitud fija | 00992nam a2200253 u 4500 |
| 001 - NÚMERO DE CONTROL | |
| campo de control | 000046605 |
| 005 - FECHA Y HORA DE LA ÚLTIMA TRANSACCIÓN | |
| campo de control | 20201002053008.0 |
| 008 - DATOS DE LONGITUD FIJA--INFORMACIÓN GENERAL | |
| campo de control de longitud fija | 170125s2010 mx r 000 0 eng d |
| 020 ## - NÚMERO INTERNACIONAL ESTÁNDAR DEL LIBRO | |
| Número Internacional Estándar del Libro | 9786071105073 |
| 082 ## - NÚMERO DE LA CLASIFICACIÓN DECIMAL DEWEY | |
| Número de clasificación | 330.973 |
| Número de documento/Ítem | S855c |
| 040 ## - FUENTE DE LA CATALOGACIÓN | |
| Centro catalogador/agencia de origen | DO-SdBNP |
| 100 1# - ENTRADA PRINCIPAL--NOMBRE DE PERSONA | |
| Nombre de persona | Stiglitz, Joseph E. |
| Fechas asociadas al nombre | 1943- |
| 9 (RLIN) | 74581 |
| 240 10 - TÍTULO UNIFORME | |
| Título uniforme | Freefall. America, free markets and sinking of the world economy |
| Lenguaje de la obra | Español |
| 245 10 - MENCIÓN DE TÍTULO | |
| Título | Caída libre : |
| Resto del título | el libre mercado y el hundimiento de la economía mundial / |
| Mención de responsabilidad, etc. | Joseph E. Stiglitz ; traducción de Alejandro Pradera y Núria Petit. |
| 260 ## - PUBLICACIÓN, DISTRIBUCIÓN, ETC. | |
| Lugar de publicación, distribución, etc. | México, D.F. : |
| Nombre del editor, distribuidor, etc. | Taurus, |
| Fecha de publicación, distribución, etc. | 2010. |
| 300 ## - DESCRIPCIÓN FÍSICA | |
| Extensión | 423 p. ; |
| Dimensiones | 27 cm. |
| 490 1# - MENCIÓN DE SERIE | |
| Mención de serie | Pensamiento |
| 650 #4 - PUNTO DE ACCESO ADICIONAL DE MATERIA--TÉRMINO DE MATERIA | |
| Término de materia o nombre geográfico como elemento de entrada | Crisis financiera |
| Subdivisión geográfica | Estados Unidos |
| 9 (RLIN) | 74596 |
| 650 #4 - PUNTO DE ACCESO ADICIONAL DE MATERIA--TÉRMINO DE MATERIA | |
| Término de materia o nombre geográfico como elemento de entrada | Finanzas |
| Subdivisión general | Política gubernamental |
| Subdivisión geográfica | Estados Unidos |
| 9 (RLIN) | 74597 |
| 651 #4 - PUNTO DE ACCESO ADICIONAL DE MATERIA--NOMBRE GEOGRÁFICO | |
| Nombre geográfico | Estados Unidos |
| Subdivisión general | Política Económica |
| Subdivisión cronológica | 1993-2009 |
| 9 (RLIN) | 74598 |
| 700 12 - PUNTO DE ACCESO ADICIONAL--NOMBRE DE PERSONA | |
| Nombre de persona | Pradera, Alejandro, |
| Término indicativo de función/relación | tr. |
| 9 (RLIN) | 74575 |
| 700 12 - PUNTO DE ACCESO ADICIONAL--NOMBRE DE PERSONA | |
| Nombre de persona | Petit Fontsere, Nuria, |
| Término indicativo de función/relación | tr. |
| 9 (RLIN) | 74599 |
| 830 #0 - PUNTO DE ACCESO ADICIONAL DE SERIE-TÍTULO UNIFORME | |
| Título uniforme | Pensamiento |
| 9 (RLIN) | 9245 |
No items available.
